书目信息 |
| 题名: |
幻想纪元系列:魔法大陆创世纪之日出亚里斯
|
|
| 作者: | 冲田 , 黑压 , 紫色风铃花 著 | |
| 分册: | 1 | |
| 出版信息: | 长春 时代文艺出版社 2003 |
|
| 页数: | 310页 | |
| 开本: | 21cm | |
| 丛书名: | ||
| 单 册: | ||
| 中图分类: | I247.5 | |
| 科图分类: | ||
| 主题词: | 科学幻想小说--ke xue huan xiang xiao shuo--中国--当代 | |
| 电子资源: | ||
| ISBN: | 7-5387-1801-X | |
| 000 | 00938nam0 2200241 450 | |
| 001 | 012006560516 | |
| 005 | 20081224153146.00 | |
| 010 | @a7-5387-1801-X@dCNY16.00 | |
| 100 | @a20061023d2003 km y0chiy0120 ea | |
| 101 | 0 | @achi |
| 102 | @aCN@b220000 | |
| 105 | @ay z 000yy | |
| 200 | 1 | @a幻想纪元系列:魔法大陆创世纪之日出亚里斯@Ahuan xiang ji yuan xi lie:mo fa da lu chuang shi ji zhi ri chu ya li si@h1@f紫色风铃花…[等]著@Fzi se feng ling hua…[deng]zhu |
| 210 | @a长春@c时代文艺出版社@d2003 | |
| 215 | @a310页@d21cm | |
| 330 | @a本书共分为十册主要包括:《千魂夜恸上、下》,《异度空间》,《帝国朝阳上、下》,《日出亚里斯上、中、下》,《艰苦旅程上、下》。 | |
| 606 | 0 | @a科学幻想小说@Ake xue huan xiang xiao shuo@y中国@z当代 |
| 690 | @aI247.5@v4 | |
| 701 | 0 | @a冲田@Achong tian@4著 |
| 701 | 0 | @a黑压@Ahei ya@4著 |
| 701 | 0 | @a紫色风铃花@Azi se feng ling hua@4著 |
| 801 | 0 | @aCN@bRULIN@c20081224 |
| 905 | @aZUCC@dI247.5@eM803:1 | |
| 幻想纪元系列:魔法大陆创世纪之日出亚里斯.1/紫色风铃花…[等]著.-长春:时代文艺出版社,2003 |
| 310页;21cm |
| ISBN 7-5387-1801-X:CNY16.00 |
| 本书共分为十册主要包括:《千魂夜恸上、下》,《异度空间》,《帝国朝阳上、下》,《日出亚里斯上、中、下》,《艰苦旅程上、下》。 |
| ● |
| 相关链接 |
|
|
|
正题名:幻想纪元系列:魔法大陆创世纪之日出亚里斯
索取号:I247.5/M803:1
 
预约/预借
| 序号 | 登录号 | 条形码 | 馆藏地/架位号 | 状态 | 备注 |
| 1 | 716266 | 207162666 | 社科二线400B/400B社科库 17排4列2层/ [索取号:I247.5/M803:1] | 在馆 | |
| 2 | 716267 | 207162675 | 社科二线400B/400B社科库 17排4列2层/ [索取号:I247.5/M803:1] | 在馆 |